MARC

LEADER 00000nam0a2200000 4500
001 163146
005 20231031160707.0
035 |a (RuTPU)RU\TPU\book\176967 
090 |a 163146 
100 |a 20090710d1971 k y0rusy50 ca 
101 0 |a rus 
102 |a RU 
105 |a y z 001zy 
200 1 |a Введение в кинетическую теорию газов  |f В. П. Силин 
210 |a Москва  |c Наука  |d 1971 
215 |a 331 с.  |c ил. 
320 |a Библиогр.: с. 324-331. 
610 1 |a газы 
610 1 |a кинетическая теория 
610 1 |a уравнение Больцмана 
610 1 |a метод Энскога-Чепмена 
610 1 |a плазма 
610 1 |a уравнения переноса 
610 1 |a метод Грэда 
610 1 |a кинетические уравнения 
675 |a 533.7  |v 3 
700 1 |a Силин  |b В. П.  |g Виктор Павлович 
801 1 |a RU  |b 63413507  |c 20090710  |g PSBO 
801 2 |a RU  |b 63413507  |c 20150304  |g RCR 
942 |c BK